| 000 | 01617nam a22004097a 4500 | ||
|---|---|---|---|
| 003 | DO-SdBNP | ||
| 005 | 20211116112752.0 | ||
| 007 | ta | ||
| 008 | 211116b2017 a|||e |||| 001 0dspa d | ||
| 020 | _a9789945580518 | ||
| 040 |
_aDO-SdBNP _bspa _cBNPHU |
||
| 082 | 4 |
_222 _a346 _bH557i |
|
| 100 | 0 |
_910463 _aHernández, Pedro Pablo |
|
| 245 | 1 | 0 |
_aIntroducción al derecho privado / _cPedro Pablo Hernández ; Lennys Tejada Betancourt |
| 250 | _a2da. | ||
| 260 |
_aSantiago de los Caballeros, Rep. Dom. : _bUAPA, _c2017. |
||
| 300 |
_a279 p. : (12) _bil.; _c27 cm |
||
| 490 |
_aAutoaprendizaje ; _vv.10 |
||
| 500 | _aIncluye datos biográficos del autor en la contraportada del libro. | ||
| 500 | _aIncluye indice general | ||
| 504 | _aBibliografía : p. 279 | ||
| 505 | _aUnidad I. El derecho, su relación con otras ciencias y sus ramas. | ||
| 505 | _aUnidad II. Los derechos, clasificación, fuentes, los bienes. | ||
| 505 | _aUnidad III. Las normas jurídicas y su interpretación. | ||
| 505 | _aUnidad IV. Los poderes del Estado: composición y función. | ||
| 505 | _aUnidad VI. El acto jurídico y su clasificación. | ||
| 505 | _aUnidad VII. Requisitos de los contratos y las nulidades. | ||
| 505 | _aUnidad VIII. Las pruebas de los derechos. | ||
| 505 | _aBibliografía general. | ||
| 505 | _aGlosario de términos. | ||
| 590 | _aInventariado, 2021 / SA | ||
| 650 | 4 | 0 |
_935837 _aDerecho privado _zRepública Dominicana |
| 700 | 1 |
_aTejada Betancourt, Lennys _eeditor _979591 |
|
| 700 | 1 |
_aHernández, Luisa _eCorrección y estilo _966105 |
|
| 910 | _aSaquino | ||
| 942 |
_2ddc _cLBS1 |
||
| 999 |
_c50973 _d50973 |
||